=LDR 00000nam 2200000 4500 =001 INLIS000000000019320 =005 20130612114409 =008 ***********************************Ind** =035 ##$$0010-061300000019320 =041 ##$$a Ind =082 ##$$a 028.5 =090 ##$$a 028.5, Kha s =100 ##$$a Khaidir, Muhammad =245 ##$$a Sambangparia dan lalam pataka, Muhammad Chaidir =260 ##$$a 2006 $b Mataram =300 ##$$a 24 hlm, ilus, 21 cm =650 ##$$a Bacaan anak-anak =850 ##$$a NBPNMAT